| 000 | 00603nam a2200229Ia 4500 | ||
|---|---|---|---|
| 003 | OSt | ||
| 005 | 20220928122040.0 | ||
| 006 | a|||||r|||| 00| 0 | ||
| 007 | ta | ||
| 008 | 220927b |||||||| |||| 00| 0 eng d | ||
| 024 | _a39375 | ||
| 037 | _cTextual | ||
| 040 |
_aSDCL _cSDCL _beng |
||
| 041 |
_2eng _aeng |
||
| 082 | _aV2,1Y7YJ07, L2 | ||
| 100 |
_aBegam Gul-Badan _9455637 |
||
| 245 | 0 | _aHistory of Humayun | |
| 260 |
_aDelhi _bIdarah-I Adabiyat-I Delli _c1972 |
||
| 300 |
_axiv, _ccm. |
||
| 942 |
_hV2,1Y7YJ07, L2 _cTEXL _2CC |
||
| 999 |
_c769296 _d769296 |
||